[Event "Stay Safe Play From Home 216"]
[Site "T#646701Emanuel Laske"]
[Date "2020.06.10"]
[Round "2"]
[White "EnigmaG"]
[Black "Lazieri3"]
[Result "0-1"]
[WhiteElo "1661"]
[BlackElo "2097"]
[Annotator "TA"]
[PlyCount "49"]
[EventDate "2020.06.10"]
[EventType "swiss (blitz)"]

{[%evp 17,49,-46,31,-8,15,11,20,0,3,-24,-24,-24,18,11,27,18,18,20,21,-2,0,0,30,29,33,-219,0,-388,-393,-406,-417,-2187,-1974,-1740]} 1. e4 c6 2. d4 d5 3. exd5 cxd5 4. Nf3 Nc6 5. Bd3 Nf6 6. O-O Bg4 7. c3 e6 8. Bf4 Bd6 9. Bg5 Be7 (9... Qb6 $15) 10. Bf4 {B13: Caro-Kann: Exchange Variation and Panov-Botvinnik Attack.} O-O 11. Nbd2 Bd6 12. Bg5 {[#] The position is equal.} h6 $146 ({Predecessor:} 12... e5 13. Be2 Bxf3 14. Nxf3 e4 15. Nd2 h6 16. Bh4 Qc7 17. Bg3 Bxg3 18. hxg3 a6 19. Re1 b5 20. Nf1 Ne7 {1-0 (32) Zdziarska,L (1745)-Plichta,O (1302) Szczawno Zdroj 2018}) 13. Bxf6 (13. Bh4 {looks sharper.} Qc7 14. h3 Bh5 15. Qe1 Rfe8 16. Bxf6 gxf6 17. Nh4) 13... Qxf6 14. Qc2 Bxf3 15. Nxf3 e5 16. Nxe5 Bxe5 17. dxe5 Nxe5 18. Bf5 Rfd8 19. Rfe1 Nc4 20. Bh7+ Kh8 {[#] Threatens to win with ...g6.} 21. Rad1 $2 {[%mdl 8192]} (21. Bd3 $14 {stays ahead.}) 21... Nxb2 $2 (21... g6 $19 22. Bxg6 fxg6) 22. Bd3 $2 {[%mdl 8192]} (22. Qxb2 $11 {and White is okay.} Kxh7 23. Qxb7) 22... Nxd1 $19 23. Qxd1 Rac8 24. c4 (24. Qe2 $142) 24... dxc4 25. Bc2 {Accuracy: White = 41%, Black = 72%.} 0-1

[Event "Stay Safe Play From Home 216"]
[Site "T#646701Emanuel Laske"]
[Date "2020.06.10"]
[Round "2"]
[White "Bruce09"]
[Black "Kat Stam"]
[Result "0-1"]
[WhiteElo "1574"]
[BlackElo "1631"]
[Annotator "NA RC"]
[PlyCount "40"]
[EventDate "2020.06.10"]
[EventType "swiss (blitz)"]

1. d4 {[%emt 0:00:08]} Nf6 {[%emt 0:00:02]} 2. Nf3 {[%emt 0:00:02]} e6 {[%emt 0:00:01]} 3. Bf4 {[%emt 0:00:01]} d5 {[%emt 0:00:02]} 4. e3 {[%emt 0:00:01]} c6 {[%emt 0:00:04]} 5. h3 {[%emt 0:00:02]} Nbd7 {[%emt 0:00:01]} 6. Bd3 {[%emt 0:00:01]} Be7 {[%emt 0:00:01]} 7. Nbd2 {[%emt 0:00:01]} O-O {[%emt 0:00:01]} 8. c3 {[%emt 0:00:01]} b6 {[%emt 0:00:03]} 9. Qc2 {[%emt 0:00:02]} Bb7 {[%emt 0:00:01]} 10. Ne5 {[%emt 0:00:01]} Rc8 {[%emt 0:00:02]} 11. g4 {[%emt 0:00:03]} c5 {[%emt 0:00:20]} 12. g5 {[%emt 0:00:07]} Nh5 {[%emt 0:00:05]} 13. Be2 {[%emt 0:00:03]} Nxf4 {[%emt 0:00:05]} 14. exf4 {[%emt 0:00:02]} cxd4 {[%emt 0:00:00]} 15. Bd3 {[%emt 0:00:22]} dxc3 {[%emt 0:00:20]} 16. bxc3 {[%emt 0:00:03]} f5 {[%emt 0:00:07]} 17. Nef3 {[%emt 0:00:12]} d4 {[%emt 0:00:06]} 18. Bc4 {[%emt 0:00:08]} Bxf3 {[%emt 0:00:05]} 19. Nxf3 {[%emt 0:00:01]} Rxc4 {[%emt 0:00:02]} 20. Nxd4 {[%emt 0:00:07]} Bc5 {[%emt 0:00:18] Bruce09 gibt auf (Lag: Av=0.63s, max=0.9s)} 0-1

[Event "Stay Safe Play From Home 216"]
[Site "T#646701Emanuel Laske"]
[Date "2020.06.10"]
[Round "2"]
[White "Justwatch"]
[Black "Haris kollari 13"]
[Result "1/2-1/2"]
[WhiteElo "1557"]
[BlackElo "1982"]
[Annotator "NA RC"]
[PlyCount "66"]
[EventDate "2020.06.10"]
[EventType "swiss (blitz)"]

1. e4 {[%emt 0:00:02]} e6 {[%emt 0:00:01]} 2. Nf3 {[%emt 0:00:01]} d5 {[%emt 0:00:01]} 3. exd5 {[%emt 0:00:00]} exd5 {[%emt 0:00:01]} 4. d4 {[%emt 0:00:00]} c6 {[%emt 0:00:01]} 5. Be3 {[%emt 0:00:00]} Bd6 {[%emt 0:00:01]} 6. Nbd2 {[%emt 0:00:00]} Bg4 {[%emt 0:00:01]} 7. c4 {[%emt 0:00:01]} Nf6 {[%emt 0:00:02]} 8. c5 {[%emt 0:00:01]} Bc7 {[%emt 0:00:01]} 9. Be2 {[%emt 0:00:00]} Nbd7 {[%emt 0:00:01]} 10. h3 {[%emt 0:00:01]} Bh5 {[%emt 0:00:01]} 11. Ng1 {[%emt 0:00:03]} Bxe2 {[%emt 0:00:02]} 12. Qxe2 {[%emt 0:00:00]} O-O {[%emt 0:00:01]} 13. Ngf3 {[%emt 0:00:01]} Re8 {[%emt 0:00:04]} 14. O-O {[%emt 0:00:01]} Bf4 {[%emt 0:00:03]} 15. Qd3 {[%emt 0:00:01]} Bxe3 {[%emt 0:00:08]} 16. fxe3 {[%emt 0:00:00]} Qe7 {[%emt 0:00:01]} 17. Rae1 {[%emt 0:00:09]} Ne4 {[%emt 0:00:01]} 18. a3 {[%emt 0:00:31]} Ng3 {[%emt 0:00:06]} 19. Rf2 {[%emt 0:00:20]} Ne4 {[%emt 0:00:02]} 20. Rfe2 {[%emt 0:00:03]} Ndf6 {[%emt 0:00:03]} 21. Ne5 {[%emt 0:00:19]} Ng3 {[%emt 0:00:09]} 22. Rf2 {[%emt 0:00:05]} Nfe4 {[%emt 0:00:02]} 23. Nxe4 {[%emt 0:00:02]} dxe4 {[%emt 0:00:02]} 24. Qb3 {[%emt 0:00:02]} Rf8 {[%emt 0:00:07]} 25. Kh2 {[%emt 0:00:15]} Nh5 {[%emt 0:00:04]} 26. Ref1 {[%emt 0:00:01]} Nf6 {[%emt 0:00:02]} 27. Rxf6 {[%emt 0:00:01]} gxf6 {[%emt 0:00:02]} 28. Ng4 {[%emt 0:00:01]} Rab8 {[%emt 0:00:26]} 29. Nxf6+ {[%emt 0:00:06]} Kh8 {[%emt 0:00:02]} 30. Rf4 {[%emt 0:00:06]} Qe6 {[%emt 0:00:02]} 31. Qd1 {[%emt 0:00:06]} b6 {[%emt 0:00:05]} 32. Qh5 {[%emt 0:00:01]} Qxf6 {[%emt 0:00:06]} 33. Rxf6 {[%emt 0:00:02]} Rg8 {[%emt 0:00:02] Justwatch beraberlik teklif ediyor (Lag: Av=0.42s, max=0.9s)} 1/2-1/2

[Event "Stay Safe Play From Home 216"]
[Site "T#646701Emanuel Laske"]
[Date "2020.06.10"]
[Round "2"]
[White "Vilmos47"]
[Black "Tobo Rubirosa"]
[Result "1-0"]
[WhiteElo "1288"]
[BlackElo "1722"]
[Annotator "NA RC"]
[PlyCount "21"]
[EventDate "2020.06.10"]
[EventType "swiss (blitz)"]
[TimeControl "300"]

1. e4 {[%emt 0:00:03]} c5 {[%emt 0:00:01]} 2. Nc3 {[%emt 0:00:02]} d6 {[%emt 0:00:01]} 3. f4 {[%emt 0:00:04]} Nc6 {[%emt 0:00:01]} 4. Nf3 {[%emt 0:00:03]} e6 {[%emt 0:00:01]} 5. Bb5 {[%emt 0:00:27]} Bd7 {[%emt 0:00:05]} 6. O-O {[%emt 0:00:03]} g6 {[%emt 0:00:02]} 7. f5 {[%emt 0:00:09]} exf5 {[%emt 0:00:12]} 8. exf5 {[%emt 0:00:06]} Bxf5 {[%emt 0:00:01]} 9. Re1+ {[%emt 0:00:21]} Nge7 {[%emt 0:00:03]} 10. Nd5 {[%emt 0:00:02]} Be6 {[%emt 0:00:08]} 11. Nf6# {[%emt 0:00:03] (Lag: Av=1.08s, max=1.6s)} 1-0

[Event "Stay Safe Play From Home 216"]
[Site "T#646701Emanuel Laske"]
[Date "2020.06.10"]
[Round "3"]
[White "Lazieri3"]
[Black "Little champs"]
[Result "1-0"]
[WhiteElo "2099"]
[BlackElo "2047"]
[Annotator "TA"]
[PlyCount "91"]
[EventDate "2020.06.10"]
[EventType "swiss (blitz)"]

{[%evp 11,91,16,45,43,30,0,0,-4,0,1,5,4,4,8,7,-10,-10,-16,12,0,27,35,30,25,27,30,35,29,35,27,20,10,27,0,0,-12,24,16,52,53,54,56,57,45,53,48,61,36,54,9,15,16,550,541,689,672,642,464,466,325,439,427,438,435,29984,29985,29985,29986,29986,29984,29987,29988,29988,29984,29984,0,29988,29984,29994,29995,29995,29996]} 1. e4 c6 2. d4 d5 3. Nc3 dxe4 4. Nxe4 Nf6 5. Nxf6+ exf6 6. Nf3 Bg4 7. c3 {B15: Caro-Kann: 3 Nc3: 3...g6 and 3...dxe4 4 Nxe4 Nf6 5 Nxf6+ exf6.} Bd6 8. Be2 O-O 9. O-O {The position is equal.} Re8 10. Re1 Qc7 11. h3 Bh5 12. Be3 Nd7 {[#]} 13. Nd2 $146 ({Predecessor:} 13. Nh4 Bg6 14. Bd3 Nf8 15. Nxg6 hxg6 16. Qf3 Ne6 17. Re2 Bh2+ 18. Kh1 Bf4 19. Rae1 {1-0 (42) Wickert,D (2000)-Hallekamp,G (2100) Buchholz in der Nordheide 2007}) 13... Bxe2 14. Rxe2 Rad8 15. Nc4 Bf4 16. Bxf4 Qxf4 17. Qd2 Qxd2 18. Rxd2 Nf8 19. Kf1 Ne6 20. Re1 Kf8 21. Rde2 Re7 22. f4 {[#] Strongly threatening f5.} g6 23. g4 {And now f5 would win.} Red7 24. Rf2 c5 25. f5 gxf5 26. gxf5 Ng7 27. dxc5 Rd5 28. Nd6 b6 29. b4 bxc5 30. bxc5 Rb8 31. Ne4 $36 {[%mdl 2048] White is more active.} Nxf5 $2 {[%mdl 8192] Black is on the road to losing.} (31... Nh5 $1 $11) 32. Nxf6 $18 {[%mdl 64] [#] Double Attack} Ng3+ 33. Kg2 Rd3 34. Nxh7+ Kg7 35. Ng5 Rxc3 36. Nxf7 Nh5 37. Re5 Rf8 (37... Nf6 $18 38. Nd6 Rf8) 38. Rg5+ Kh7 39. Rxh5+ Kg6 40. Rg5+ Kh7 41. Rf4 {[%cal Rf4h4]} Rc2+ 42. Kf3 {[%cal Rf4h4]} Rc3+ 43. Kg2 {[%cal Rf4h4]} Rc2+ 44. Kf1 {[%cal Rf4h4] White mates.} Rc1+ 45. Ke2 {[%cal Rf4h4]} Re8+ 46. Kd2 {Accuracy: White = 80%, Black = 63%.} 1-0

[Event "Stay Safe Play From Home 216"]
[Site "T#646701Emanuel Laske"]
[Date "2020.06.10"]
[Round "3"]
[White "Dukic"]
[Black "Haris kollari 13"]
[Result "1-0"]
[WhiteElo "1844"]
[BlackElo "1968"]
[Annotator "NA RC"]
[PlyCount "77"]
[EventDate "2020.06.10"]
[EventType "swiss (blitz)"]

1. c4 {[%emt 0:00:05]} b6 {[%emt 0:00:01]} 2. Nc3 {[%emt 0:00:02]} Bb7 {[%emt 0:00:01]} 3. d4 {[%emt 0:00:01]} g6 {[%emt 0:00:01]} 4. e4 {[%emt 0:00:01]} Bg7 {[%emt 0:00:01]} 5. Be3 {[%emt 0:00:02]} Nf6 {[%emt 0:00:02]} 6. f3 {[%emt 0:00:01]} d6 {[%emt 0:00:02]} 7. Qd2 {[%emt 0:00:01]} c5 {[%emt 0:00:01]} 8. d5 {[%emt 0:00:02]} Nfd7 {[%emt 0:00:01]} 9. Bh6 {[%emt 0:00:04]} Bf6 {[%emt 0:00:02]} 10. Nge2 {[%emt 0:00:03]} a6 {[%emt 0:00:03]} 11. Ng3 {[%emt 0:00:03]} e5 {[%emt 0:00:12]} 12. dxe6 {[%emt 0:00:04]} fxe6 {[%emt 0:00:03]} 13. Qxd6 {[%emt 0:00:01]} Kf7 {[%emt 0:00:06]} 14. Rd1 {[%emt 0:00:04]} Be5 {[%emt 0:00:07]} 15. Qd2 {[%emt 0:00:04]} Qc7 {[%emt 0:00:06]} 16. f4 {[%emt 0:00:13]} Bf6 {[%emt 0:00:05]} 17. e5 {[%emt 0:00:04]} Be7 {[%emt 0:00:01]} 18. Nge4 {[%emt 0:00:04]} Nc6 {[%emt 0:00:09]} 19. Qxd7 {[%emt 0:00:03]} Rhc8 {[%emt 0:00:16]} 20. Nd6+ {[%emt 0:00:11]} Kg8 {[%emt 0:00:15]} 21. Qxe6+ {[%emt 0:00:08]} Kh8 {[%emt 0:00:01]} 22. Nf7+ {[%emt 0:00:03]} Kg8 {[%emt 0:00:02]} 23. Rd7 {[%emt 0:00:11]} Qxd7 {[%emt 0:00:31]} 24. Qxd7 {[%emt 0:00:03]} Kxf7 {[%emt 0:00:01]} 25. Qxb7 {[%emt 0:00:13]} Nd4 {[%emt 0:00:02]} 26. Nd5 {[%emt 0:00:11]} Re8 {[%emt 0:00:02]} 27. Bd3 {[%emt 0:00:10]} Rab8 {[%emt 0:00:02]} 28. Qd7 {[%emt 0:00:11]} Rbd8 {[%emt 0:00:07]} 29. Qa7 {[%emt 0:00:05]} Ke6 {[%emt 0:00:04]} 30. O-O {[%emt 0:00:06]} g5 {[%emt 0:00:10]} 31. Qxb6+ {[%emt 0:00:03]} Kf7 {[%emt 0:00:02]} 32. Nxe7 {[%emt 0:00:05]} Kxe7 {[%emt 0:00:03]} 33. Bxg5+ {[%emt 0:00:03]} Kd7 {[%emt 0:00:01]} 34. Bxd8 {[%emt 0:00:03]} Rxd8 {[%emt 0:00:01]} 35. Qxc5 {[%emt 0:00:02]} Ke6 {[%emt 0:00:04]} 36. f5+ {[%emt 0:00:02]} Kf7 {[%emt 0:00:02]} 37. Qc7+ {[%emt 0:00:03]} Ke8 {[%emt 0:00:01]} 38. e6 {[%emt 0:00:02]} Nc6 {[%emt 0:00:08]} 39. Qf7# {[%emt 0:00:02] (Lag: Av=0.38s, max=0.7s)} 1-0

[Event "Stay Safe Play From Home 216"]
[Site "T#646701Emanuel Laske"]
[Date "2020.06.10"]
[Round "3"]
[White "matanant"]
[Black "Edmatuag"]
[Result "1-0"]
[WhiteElo "1783"]
[BlackElo "1693"]
[Annotator "NA RC"]
[PlyCount "75"]
[EventDate "2020.06.10"]
[EventType "swiss (blitz)"]

1. e4 {[%emt 0:00:03]} c5 {[%emt 0:00:02]} 2. Nf3 {[%emt 0:00:03]} d6 {[%emt 0:00:01]} 3. c3 {[%emt 0:00:02]} Nc6 {[%emt 0:00:02]} 4. d4 {[%emt 0:00:04]} Qa5 {[%emt 0:00:03]} 5. Na3 {[%emt 0:00:11]} cxd4 {[%emt 0:00:13]} 6. Nxd4 {[%emt 0:00:02]} e5 {[%emt 0:00:13]} 7. Nxc6 {[%emt 0:00:06]} bxc6 {[%emt 0:00:00]} 8. Bc4 {[%emt 0:00:08]} Nf6 {[%emt 0:00:09]} 9. Qe2 {[%emt 0:00:15]} Be7 {[%emt 0:00:28]} 10. O-O {[%emt 0:00:02]} O-O {[%emt 0:00:01]} 11. b4 {[%emt 0:00:07]} Qc7 {[%emt 0:00:11]} 12. Bb3 {[%emt 0:00:01]} a5 {[%emt 0:00:10]} 13. Nc2 {[%emt 0:00:07]} d5 {[%emt 0:00:37]} 14. exd5 {[%emt 0:00:06]} cxd5 {[%emt 0:00:01]} 15. a4 {[%emt 0:00:03]} Qxc3 {[%emt 0:00:10]} 16. Rb1 {[%emt 0:00:05]} Ba6 {[%emt 0:00:06]} 17. b5 {[%emt 0:00:02]} Bb7 {[%emt 0:00:05]} 18. Ne3 {[%emt 0:00:11]} Rfe8 {[%emt 0:00:55]} 19. Nf5 {[%emt 0:00:03]} Bf8 {[%emt 0:00:07]} 20. Bd2 {[%emt 0:00:12]} Qc8 {[%emt 0:00:09]} 21. Ng3 {[%emt 0:00:12]} Qg4 {[%emt 0:00:10]} 22. f3 {[%emt 0:00:05]} Bc5+ {[%emt 0:00:38]} 23. Kh1 {[%emt 0:00:03]} Qd7 {[%emt 0:00:02]} 24. Rfc1 {[%emt 0:00:03]} Rac8 {[%emt 0:00:01]} 25. Qe1 {[%emt 0:00:04]} e4 {[%emt 0:00:05]} 26. fxe4 {[%emt 0:00:06]} Nxe4 {[%emt 0:00:01]} 27. Bxa5 {[%emt 0:00:07]} Nf2+ {[%emt 0:00:06]} 28. Kg1 {[%emt 0:00:15]} Rxe1+ {[%emt 0:00:01]} 29. Rxe1 {[%emt 0:00:05]} Nd3+ {[%emt 0:00:01]} 30. Kh1 {[%emt 0:00:05]} Nxe1 {[%emt 0:00:00]} 31. Rxe1 {[%emt 0:00:02]} Re8 {[%emt 0:00:00]} 32. Rf1 {[%emt 0:00:06]} Qg4 {[%emt 0:00:05]} 33. Bd1 {[%emt 0:00:06]} Qxd1 {[%emt 0:00:03]} 34. Rxd1 {[%emt 0:00:02]} d4 {[%emt 0:00:00]} 35. Bd2 {[%emt 0:00:10]} d3 {[%emt 0:00:01]} 36. a5 {[%emt 0:00:03]} Re2 {[%emt 0:00:02]} 37. Nxe2 {[%emt 0:00:04]} dxe2 {[%emt 0:00:02]} 38. Re1 {[%emt 0:00:00] Time} 1-0

[Event "Stay Safe Play From Home 216"]
[Site "T#646701Emanuel Laske"]
[Date "2020.06.10"]
[Round "3"]
[White "Egyptian-Silent-Hunter"]
[Black "EnigmaG"]
[Result "0-1"]
[WhiteElo "1723"]
[BlackElo "1658"]
[Annotator "NA RC"]
[PlyCount "104"]
[EventDate "2020.06.10"]
[EventType "swiss (blitz)"]

1. e4 {[%emt 0:00:02]} e6 {[%emt 0:00:00]} 2. d4 {[%emt 0:00:02]} d5 {[%emt 0:00:00]} 3. e5 {[%emt 0:00:01]} c5 {[%emt 0:00:01]} 4. c3 {[%emt 0:00:00]} Qb6 {[%emt 0:00:02]} 5. Nf3 {[%emt 0:00:02]} Nc6 {[%emt 0:00:01]} 6. a3 {[%emt 0:00:01]} cxd4 {[%emt 0:00:01]} 7. cxd4 {[%emt 0:00:02]} Nge7 {[%emt 0:00:01]} 8. b4 {[%emt 0:00:01]} Nf5 {[%emt 0:00:01]} 9. Bb2 {[%emt 0:00:02]} Bd7 {[%emt 0:00:03]} 10. Be2 {[%emt 0:00:49]} a5 {[%emt 0:00:07]} 11. b5 {[%emt 0:00:03]} Nd8 {[%emt 0:00:05]} 12. Nc3 {[%emt 0:00:04]} Be7 {[%emt 0:00:09]} 13. Na4 {[%emt 0:00:01]} Qa7 {[%emt 0:00:08]} 14. Rc1 {[%emt 0:00:07]} O-O {[%emt 0:00:06]} 15. b6 {[%emt 0:00:07]} Qb8 {[%emt 0:00:02]} 16. Nc5 {[%emt 0:00:18]} Bxc5 {[%emt 0:00:02]} 17. Rxc5 {[%emt 0:00:03]} Nc6 {[%emt 0:00:06]} 18. O-O {[%emt 0:00:03]} Qd8 {[%emt 0:00:04]} 19. Qb3 {[%emt 0:00:13]} Rc8 {[%emt 0:00:07]} 20. Rfc1 {[%emt 0:00:02]} Nfe7 {[%emt 0:00:06]} 21. Bd3 {[%emt 0:00:10]} f6 {[%emt 0:00:02]} 22. exf6 {[%emt 0:00:10]} Rxf6 {[%emt 0:00:00]} 23. Qc2 {[%emt 0:00:09]} Nf5 {[%emt 0:00:04]} 24. Qe2 {[%emt 0:00:12]} Rf8 {[%emt 0:00:26]} 25. Ne5 {[%emt 0:00:13]} Qe7 {[%emt 0:00:08]} 26. Nxd7 {[%emt 0:00:13]} Qxd7 {[%emt 0:00:02]} 27. Bb5 {[%emt 0:00:11]} Qf7 {[%emt 0:00:06]} 28. Bxc6 {[%emt 0:00:04]} bxc6 {[%emt 0:00:02]} 29. Re1 {[%emt 0:00:10]} Rfe8 {[%emt 0:00:06]} 30. Qe5 {[%emt 0:00:13]} Qd7 {[%emt 0:00:09]} 31. Rec1 {[%emt 0:00:05]} Nd6 {[%emt 0:00:04]} 32. Rxa5 {[%emt 0:00:04]} Nf7 {[%emt 0:00:08]} 33. Qe3 {[%emt 0:00:05]} Rb8 {[%emt 0:00:07]} 34. Qb3 {[%emt 0:00:04]} Nd6 {[%emt 0:00:04]} 35. Ra7 {[%emt 0:00:02]} Rb7 {[%emt 0:00:02]} 36. Rxb7 {[%emt 0:00:02]} Qxb7 {[%emt 0:00:00]} 37. a4 {[%emt 0:00:01]} Nc4 {[%emt 0:00:02]} 38. a5 {[%emt 0:00:02]} Nxa5 {[%emt 0:00:01]} 39. Qb4 {[%emt 0:00:02]} Nc4 {[%emt 0:00:02]} 40. Ba3 {[%emt 0:00:02]} Rb8 {[%emt 0:00:11]} 41. Rb1 {[%emt 0:00:02]} Qxb6 {[%emt 0:00:03]} 42. Qxb6 {[%emt 0:00:08]} Rxb6 {[%emt 0:00:01]} 43. Rxb6 {[%emt 0:00:02]} Nxb6 {[%emt 0:00:00]} 44. Bc5 {[%emt 0:00:01]} Nc4 {[%emt 0:00:02]} 45. Kf1 {[%emt 0:00:00]} Kf7 {[%emt 0:00:01]} 46. Ke2 {[%emt 0:00:01]} Kg6 {[%emt 0:00:06]} 47. f4 {[%emt 0:00:01]} Kf5 {[%emt 0:00:02]} 48. g3 {[%emt 0:00:01]} Ke4 {[%emt 0:00:01]} 49. Ba7 {[%emt 0:00:05]} g6 {[%emt 0:00:01]} 50. Bc5 {[%emt 0:00:02]} h5 {[%emt 0:00:01]} 51. Ba7 {[%emt 0:00:03]} Ne3 {[%emt 0:00:01]} 52. Bc5 {[%emt 0:00:03]} Nc2 {[%emt 0:00:01] Time (Lag: Av=0.87s, max=3.4s)} 0-1

[Event "Stay Safe Play From Home 216"]
[Site "T#646701Emanuel Laske"]
[Date "2020.06.10"]
[Round "3"]
[White "Kat Stam"]
[Black "Vilmos47"]
[Result "1-0"]
[WhiteElo "1646"]
[BlackElo "1319"]
[Annotator "NA RC"]
[PlyCount "69"]
[EventDate "2020.06.10"]
[EventType "swiss (blitz)"]

1. d4 {[%emt 0:00:02]} d5 {[%emt 0:00:02]} 2. Nf3 {[%emt 0:00:01]} Nf6 {[%emt 0:00:02]} 3. e3 {[%emt 0:00:01]} Nc6 {[%emt 0:00:03]} 4. c4 {[%emt 0:00:01]} Bg4 {[%emt 0:00:06]} 5. Nbd2 {[%emt 0:00:05]} e6 {[%emt 0:00:03]} 6. a3 {[%emt 0:00:01]} a6 {[%emt 0:00:06]} 7. b3 {[%emt 0:00:06]} Be7 {[%emt 0:00:10]} 8. Bb2 {[%emt 0:00:01]} O-O {[%emt 0:00:09]} 9. Qc2 {[%emt 0:00:02]} Bf5 {[%emt 0:00:07]} 10. Bd3 {[%emt 0:00:05]} Ne4 {[%emt 0:00:04]} 11. Nxe4 {[%emt 0:00:17]} dxe4 {[%emt 0:00:03]} 12. Bxe4 {[%emt 0:00:01]} Bxe4 {[%emt 0:00:01]} 13. Qxe4 {[%emt 0:00:00]} Bf6 {[%emt 0:00:14]} 14. O-O {[%emt 0:00:08]} Re8 {[%emt 0:00:10]} 15. Rad1 {[%emt 0:00:09]} Qe7 {[%emt 0:00:07]} 16. Qc2 {[%emt 0:00:16]} e5 {[%emt 0:00:31]} 17. d5 {[%emt 0:00:02]} e4 {[%emt 0:00:19]} 18. Bxf6 {[%emt 0:00:52]} Qxf6 {[%emt 0:00:07]} 19. Nd2 {[%emt 0:00:01]} Ne5 {[%emt 0:00:45]} 20. Nxe4 {[%emt 0:00:08]} Qg6 {[%emt 0:00:20]} 21. f3 {[%emt 0:01:01]} Nxf3+ {[%emt 0:00:06]} 22. Rxf3 {[%emt 0:00:08]} Qxe4 {[%emt 0:00:11]} 23. Qf2 {[%emt 0:00:04]} Qg6 {[%emt 0:00:07]} 24. h4 {[%emt 0:00:02]} f6 {[%emt 0:00:12]} 25. Rd4 {[%emt 0:00:05]} Re5 {[%emt 0:00:05]} 26. Rg4 {[%emt 0:00:02]} Qf7 {[%emt 0:00:07]} 27. Rfg3 {[%emt 0:00:02]} Rae8 {[%emt 0:00:12]} 28. Rxg7+ {[%emt 0:00:03]} Qxg7 {[%emt 0:00:01]} 29. Rxg7+ {[%emt 0:00:00]} Kxg7 {[%emt 0:00:01]} 30. Qg3+ {[%emt 0:00:04]} Kh8 {[%emt 0:00:02]} 31. Kf2 {[%emt 0:00:01]} f5 {[%emt 0:00:03]} 32. Qf4 {[%emt 0:00:03]} Kg7 {[%emt 0:00:09]} 33. Qd4 {[%emt 0:00:01]} R8e7 {[%emt 0:00:10]} 34. g3 {[%emt 0:00:02]} Kf6 {[%emt 0:00:02]} 35. Kf3 {[%emt 0:00:04] Time (Lag: Av=1.02s, max=1.5s)} 1-0

[Event "Stay Safe Play From Home 216"]
[Site "T#646701Emanuel Laske"]
[Date "2020.06.10"]
[Round "3"]
[White "Justwatch"]
[Black "Don59as"]
[Result "0-1"]
[WhiteElo "1571"]
[BlackElo "2016"]
[Annotator "NA RC"]
[PlyCount "86"]
[EventDate "2020.06.10"]
[EventType "swiss (blitz)"]

1. e4 {[%emt 0:00:01]} e5 {[%emt 0:00:01]} 2. Nf3 {[%emt 0:00:01]} Nc6 {[%emt 0:00:01]} 3. Nc3 {[%emt 0:00:00]} d6 {[%emt 0:00:01]} 4. Bb5 {[%emt 0:00:01]} Bd7 {[%emt 0:00:04]} 5. d3 {[%emt 0:00:00]} g6 {[%emt 0:00:03]} 6. h3 {[%emt 0:00:01]} Bg7 {[%emt 0:00:01]} 7. Be3 {[%emt 0:00:01]} Nge7 {[%emt 0:00:02]} 8. Qc1 {[%emt 0:00:01]} h6 {[%emt 0:00:01]} 9. O-O {[%emt 0:00:02]} g5 {[%emt 0:00:08]} 10. Nh2 {[%emt 0:00:07]} Ng6 {[%emt 0:00:03]} 11. Nd5 {[%emt 0:00:03]} O-O {[%emt 0:00:06]} 12. a3 {[%emt 0:00:12]} Nf4 {[%emt 0:00:02]} 13. Bxf4 {[%emt 0:00:06]} gxf4 {[%emt 0:00:03]} 14. Qd1 {[%emt 0:00:02]} a6 {[%emt 0:00:20]} 15. Bc4 {[%emt 0:00:02]} b5 {[%emt 0:00:02]} 16. Bb3 {[%emt 0:00:01]} Qg5 {[%emt 0:00:16]} 17. Kh1 {[%emt 0:00:03]} Nd4 {[%emt 0:00:11]} 18. Nxc7 {[%emt 0:00:05]} Rac8 {[%emt 0:00:20]} 19. Nxa6 {[%emt 0:00:04]} Kh7 {[%emt 0:00:09]} 20. c3 {[%emt 0:00:01]} Nxb3 {[%emt 0:00:06]} 21. Qxb3 {[%emt 0:00:00]} f5 {[%emt 0:00:02]} 22. exf5 {[%emt 0:00:01]} Rxf5 {[%emt 0:00:08]} 23. Qd5 {[%emt 0:00:07]} Bc6 {[%emt 0:00:07]} 24. Nf3 {[%emt 0:00:12]} Bxd5 {[%emt 0:00:05]} 25. Nxg5+ {[%emt 0:00:02]} Rxg5 {[%emt 0:00:09]} 26. f3 {[%emt 0:00:00]} Bf6 {[%emt 0:00:06]} 27. Nb4 {[%emt 0:00:03]} Bb7 {[%emt 0:00:01]} 28. Rae1 {[%emt 0:00:06]} h5 {[%emt 0:00:07]} 29. Rf2 {[%emt 0:00:09]} Rg7 {[%emt 0:00:02]} 30. Rfe2 {[%emt 0:00:03]} Bh4 {[%emt 0:00:11]} 31. Rd1 {[%emt 0:00:18]} Bf6 {[%emt 0:00:09]} 32. Nc2 {[%emt 0:00:04]} Re7 {[%emt 0:00:02]} 33. Nb4 {[%emt 0:00:07]} Rce8 {[%emt 0:00:02]} 34. Red2 {[%emt 0:00:02]} d5 {[%emt 0:00:01]} 35. Rf2 {[%emt 0:00:04]} Bh4 {[%emt 0:00:03]} 36. Re2 {[%emt 0:00:01]} e4 {[%emt 0:00:01]} 37. dxe4 {[%emt 0:00:01]} dxe4 {[%emt 0:00:00]} 38. fxe4 {[%emt 0:00:01]} Bxe4 {[%emt 0:00:01]} 39. Rd4 {[%emt 0:00:08]} f3 {[%emt 0:00:02]} 40. gxf3 {[%emt 0:00:01]} Bxf3+ {[%emt 0:00:01]} 41. Kh2 {[%emt 0:00:02]} Rxe2+ {[%emt 0:00:02]} 42. Kg1 {[%emt 0:00:01]} Bf2+ {[%emt 0:00:04]} 43. Kh2 {[%emt 0:00:01]} Bxd4+ {[%emt 0:00:01] Justwatch terk eder (Lag: Av=0.51s, max=0.7s)} 0-1